[Event "Turkish Cup 2022"]
[Site "Sakarya"]
[Date "2022.03.25"]
[Round "1.43"]
[White "Ucan, Hakan"]
[Black "Kavri, Yusuf Eren"]
[Result "0-1"]
[WhiteElo "1375"]
[BlackElo "1886"]
[Annotator "NA"]
[PlyCount "72"]
[EventDate "2022.03.25"]
[EventType "swiss"]
[EventCountry "TUR"]
[SourceTitle "playchess.com"]
[Source "ChessBase"]
[SourceQuality "1"]
[TimeControl "5400+30"]

1. d4 {[%emt 0:01:00]} Nf6 {[%emt 0:01:00]} 2. Bf4 {[%emt 0:01:30]} d5 {[%emt 0:00:30]} 3. e3 {[%emt 0:00:00]} c5 {[%emt 0:00:00]} 4. c3 {[%emt 0:02:00]} Nc6 {[%emt 0:00:00]} 5. Nd2 {[%emt 0:00:30]} Bf5 {[%emt 0:04:30]} 6. Qb3 {[%emt 0:04:30]} Qd7 {[%emt 0:03:30]} 7. Ngf3 {[%emt 0:01:30]} c4 {[%emt 0:01:30]} 8. Qd1 {[%emt 0:05:30]} e6 {[%emt 0:04:30]} 9. Be2 {[%emt 0:02:30]} h6 {[%emt 0:00:30]} 10. O-O {[%emt 0:02:30]} Bd6 {[%emt 0:00:30]} 11. Ne5 {[%emt 0:03:30]} Qc7 {[%emt 0:07:30]} 12. Ndf3 {[%emt 0:05:30]} O-O {[%emt 0:00:30]} 13. Bg3 {[%emt 0:06:30]} Ne4 {[%emt 0:04:30]} 14. Nxc6 {[%emt 0:01:30]} Nxg3 {[%emt 0:01:30]} 15. Ne7+ {[%emt 0:01:30]} Bxe7 {[%emt 0:00:30]} 16. hxg3 {[%emt 0:00:30]} b5 {[%emt 0:03:30]} 17. a3 {[%emt 0:02:30]} a5 {[%emt 0:00:30]} 18. b4 {[%emt 0:02:30]} Ra6 {[%emt 0:04:30]} 19. Qd2 {[%emt 0:12:30]} Rfa8 {[%emt 0:02:30]} 20. Qb2 {[%emt 0:07:30]} Qa7 {[%emt 0:01:30]} 21. Rad1 {[%emt 0:09:30]} axb4 {[%emt 0:00:30]} 22. axb4 {[%emt 0:00:30]} Ra2 {[%emt 0:00:30]} 23. Qc1 {[%emt 0:00:30]} Rxe2 {[%emt 0:00:30]} 24. Ne5 {[%emt 0:02:30]} Bd6 {[%emt 0:01:30]} 25. Nc6 {[%emt 0:02:30]} Qa2 {[%emt 0:00:30]} 26. Qa1 {[%emt 0:00:30]} Rxf2 {[%emt 0:00:30]} 27. Qxa2 {[%emt 0:01:30]} Rfxa2 {[%emt 0:01:30]} 28. Na5 {[%emt 0:00:30]} Bxg3 {[%emt 0:01:30]} 29. Ra1 {[%emt 0:00:30]} Bf2+ {[%emt 0:00:00]} 30. Kh1 {[%emt 0:00:30]} Rb2 {[%emt 0:02:00]} 31. Ra3 {[%emt 0:01:30]} Be4 {[%emt 0:03:30]} 32. Rfa1 {[%emt 0:00:00]} Bg3 {[%emt 0:02:30]} 33. R3a2 {[%emt 0:00:00]} Bxg2+ {[%emt 0:00:30]} 34. Kg1 {[%emt 0:00:30]} Rxa2 {[%emt 0:00:00]} 35. Rxa2 {[%emt 0:00:30]} Be4 {[%emt 0:00:00]} 36. Kf1 {[%emt 0:00:30]} h5 {[%emt 0:00:00]} 0-1

[Event "Turkish Cup 2022"]
[Site "Sakarya"]
[Date "2022.03.25"]
[Round "1.44"]
[White "Canbulan, Arda"]
[Black "Isik, Ege"]
[Result "1-0"]
[WhiteElo "1867"]
[BlackElo "1214"]
[Annotator "NA"]
[PlyCount "103"]
[EventDate "2022.03.25"]
[EventType "swiss"]
[EventCountry "TUR"]
[SourceTitle "playchess.com"]
[Source "ChessBase"]
[SourceQuality "1"]
[TimeControl "5400+30"]

1. e4 {[%emt 0:01:00]} c5 {[%emt 0:01:00]} 2. c3 {[%emt 0:00:00]} d5 {[%emt 0:00:30]} 3. exd5 {[%emt 0:00:00]} Qxd5 {[%emt 0:00:30]} 4. d4 {[%emt 0:00:30]} Nc6 {[%emt 0:00:30]} 5. Nf3 {[%emt 0:00:00]} Bg4 {[%emt 0:01:30]} 6. Be2 {[%emt 0:00:00]} e6 {[%emt 0:00:30]} 7. h3 {[%emt 0:00:00]} Bh5 {[%emt 0:00:30]} 8. O-O {[%emt 0:00:00]} Nf6 {[%emt 0:00:30]} 9. Be3 {[%emt 0:00:30]} cxd4 {[%emt 0:01:30]} 10. cxd4 {[%emt 0:00:30]} Be7 {[%emt 0:00:30]} 11. Nc3 {[%emt 0:00:30]} Qd7 {[%emt 0:00:30]} 12. Qb3 {[%emt 0:00:00]} O-O {[%emt 0:03:30]} 13. Rfd1 {[%emt 0:00:00]} Rfd8 {[%emt 0:01:30]} 14. Ne5 {[%emt 0:02:30]} Qc7 {[%emt 0:00:30]} 15. Nb5 {[%emt 0:02:30]} Qb8 {[%emt 0:02:30]} 16. g4 {[%emt 0:02:30]} Bg6 {[%emt 0:01:30]} 17. Bf4 {[%emt 0:00:30]} Nxe5 {[%emt 0:04:30]} 18. Bxe5 {[%emt 0:00:30]} Qc8 {[%emt 0:00:30]} 19. Rac1 {[%emt 0:03:30]} Qd7 {[%emt 0:01:30]} 20. Nc7 {[%emt 0:02:30]} a6 {[%emt 0:06:30]} 21. Nxa8 {[%emt 0:00:30]} Rxa8 {[%emt 0:00:30]} 22. Rc7 {[%emt 0:00:00]} Qe8 {[%emt 0:00:00]} 23. Bf3 {[%emt 0:01:00]} Rd8 {[%emt 0:06:00]} 24. Qxb7 {[%emt 0:02:30]} Bd6 {[%emt 0:00:30]} 25. Bxd6 {[%emt 0:00:30]} Rxd6 {[%emt 0:00:30]} 26. Rc8 {[%emt 0:00:30]} Rd8 {[%emt 0:00:00]} 27. Rxd8 {[%emt 0:00:30]} Qxd8 {[%emt 0:00:00]} 28. Rc1 {[%emt 0:00:30]} Qf8 {[%emt 0:02:30]} 29. Rc8 {[%emt 0:00:30]} Ne8 {[%emt 0:00:30]} 30. Bc6 {[%emt 0:00:30]} f6 {[%emt 0:00:30]} 31. Qd7 {[%emt 0:01:30]} Bf7 {[%emt 0:02:30]} 32. Rxe8 {[%emt 0:00:30]} Bxe8 {[%emt 0:00:30]} 33. Qxe8 {[%emt 0:00:00]} Qxe8 {[%emt 0:00:00]} 34. Bxe8 {[%emt 0:00:00]} Kf8 {[%emt 0:00:00]} 35. Bc6 {[%emt 0:00:30]} Ke7 {[%emt 0:00:00]} 36. b4 {[%emt 0:00:30]} Kd6 {[%emt 0:00:00]} 37. Bb7 {[%emt 0:00:00]} Kc7 {[%emt 0:00:30]} 38. Bxa6 {[%emt 0:00:00]} Kd6 {[%emt 0:00:30]} 39. Bc4 {[%emt 0:00:00]} e5 {[%emt 0:00:00]} 40. dxe5+ {[%emt 0:00:00]} fxe5 {[%emt 0:00:00]} 41. f3 {[%emt 0:00:30]} g5 {[%emt 0:00:00]} 42. a4 {[%emt 0:00:00]} Kc6 {[%emt 0:00:00]} 43. Kf2 {[%emt 0:00:00]} Kb6 {[%emt 0:00:30]} 44. Ke3 {[%emt 0:00:00]} Kc6 {[%emt 0:00:30]} 45. Ke4 {[%emt 0:00:00]} Kd6 {[%emt 0:00:30]} 46. a5 {[%emt 0:00:30]} h6 {[%emt 0:00:00]} 47. a6 {[%emt 0:00:00]} Kc7 {[%emt 0:00:00]} 48. Kxe5 {[%emt 0:00:00]} Kb6 {[%emt 0:00:00]} 49. Kd6 {[%emt 0:00:00]} Ka7 {[%emt 0:00:00]} 50. Kc7 {[%emt 0:01:00]} Ka8 {[%emt 0:00:30]} 51. b5 {[%emt 0:00:00]} Ka7 {[%emt 0:00:30]} 52. b6+ {[%emt 0:03:00]} 1-0

[Event "Turkish Cup 2022"]
[Site "Sakarya"]
[Date "2022.03.25"]
[Round "1.46"]
[White "Kocakaplan, Emre"]
[Black "Akdemir, Hamza Efe"]
[Result "1-0"]
[WhiteElo "1846"]
[BlackElo "1277"]
[Annotator "NA"]
[PlyCount "69"]
[EventDate "2022.03.25"]
[EventType "swiss"]
[EventCountry "TUR"]
[SourceTitle "playchess.com"]
[Source "ChessBase"]
[SourceQuality "1"]
[TimeControl "5400+30"]

1. c4 {[%emt 0:01:00]} e5 {[%emt 0:01:00]} 2. Nc3 {[%emt 0:00:30]} Nf6 {[%emt 0:00:30]} 3. Nf3 {[%emt 0:00:00]} Nc6 {[%emt 0:00:00]} 4. g3 {[%emt 0:00:00]} d5 {[%emt 0:00:00]} 5. cxd5 {[%emt 0:00:00]} Nxd5 {[%emt 0:00:30]} 6. Bg2 {[%emt 0:00:00]} Nb6 {[%emt 0:00:30]} 7. O-O {[%emt 0:00:00]} Be7 {[%emt 0:00:00]} 8. a3 {[%emt 0:04:00]} O-O {[%emt 0:01:00]} 9. b4 {[%emt 0:00:30]} f6 {[%emt 0:02:30]} 10. d3 {[%emt 0:06:30]} Be6 {[%emt 0:10:30]} 11. Rb1 {[%emt 0:04:30]} Qc8 {[%emt 0:08:30]} 12. Bb2 {[%emt 0:09:30]} Bh3 {[%emt 0:04:30]} 13. Ne4 {[%emt 0:05:30]} Bxg2 {[%emt 0:01:30]} 14. Kxg2 {[%emt 0:00:30]} Rd8 {[%emt 0:02:30]} 15. Qb3+ {[%emt 0:01:30]} Kh8 {[%emt 0:01:30]} 16. Rfc1 {[%emt 0:02:30]} a5 {[%emt 0:15:30]} 17. b5 {[%emt 0:14:30]} Nd4 {[%emt 0:01:30]} 18. Nxd4 {[%emt 0:13:30]} exd4 {[%emt 0:00:30]} 19. Qc2 {[%emt 0:03:30]} Nd5 {[%emt 0:10:30]} 20. Qd2 {[%emt 0:08:30]} Qd7 {[%emt 0:05:30]} 21. Nc5 {[%emt 0:04:30]} Bxc5 {[%emt 0:03:30]} 22. Rxc5 {[%emt 0:00:00]} b6 {[%emt 0:09:48]} 23. Rcc1 {[%emt 0:04:15]} Ne7 {[%emt 0:02:23]} 24. a4 {[%emt 0:02:02]} Rac8 {[%emt 0:02:27]} 25. Rc4 {[%emt 0:02:08]} Qd5+ {[%emt 0:03:16]} 26. Kg1 {[%emt 0:00:28]} Nf5 {[%emt 0:11:20]} 27. Rbc1 {[%emt 0:00:52]} Rd7 {[%emt 0:02:00]} 28. Qf4 {[%emt 0:01:20]} g5 {[%emt 0:00:42]} 29. Qe4 {[%emt 0:01:33]} Qxe4 {[%emt 0:00:39]} 30. dxe4 {[%emt 0:00:02]} Nd6 {[%emt 0:00:13]} 31. Rxd4 {[%emt 0:00:54]} Re8 {[%emt 0:00:32]} 32. f3 {[%emt 0:00:28]} Kg7 {[%emt 0:00:10]} 33. Rd5 {[%emt 0:00:32]} h5 {[%emt 0:01:00]} 34. Rxg5+ {[%emt 0:00:17]} Kh6 {[%emt 0:00:23]} 35. Rd5 {[%emt 0:00:29]} 1-0

[Event "Turkish Cup 2022"]
[Site "Sakarya"]
[Date "2022.03.25"]
[Round "1.47"]
[White "Tokan, Melih"]
[Black "Isik, Kadri"]
[Result "0-1"]
[WhiteElo "1321"]
[BlackElo "1858"]
[Annotator "NA"]
[PlyCount "48"]
[EventDate "2022.03.25"]
[EventType "swiss"]
[EventCountry "TUR"]
[SourceTitle "playchess.com"]
[Source "ChessBase"]
[SourceQuality "1"]
[TimeControl "5400+30"]

1. e4 {[%emt 0:01:00]} c5 {[%emt 0:01:00]} 2. Nf3 {[%emt 0:00:30]} d6 {[%emt 0:00:30]} 3. d4 {[%emt 0:00:30]} cxd4 {[%emt 0:00:00]} 4. Nxd4 {[%emt 0:00:00]} Nf6 {[%emt 0:00:00]} 5. Nc3 {[%emt 0:00:00]} a6 {[%emt 0:00:30]} 6. Bg5 {[%emt 0:00:30]} e6 {[%emt 0:00:30]} 7. f4 {[%emt 0:00:30]} Nbd7 {[%emt 0:00:00]} 8. Qd2 {[%emt 0:03:30]} Qc7 {[%emt 0:00:00]} 9. O-O-O {[%emt 0:05:30]} b5 {[%emt 0:00:30]} 10. Bxf6 {[%emt 0:02:30]} gxf6 {[%emt 0:01:30]} 11. f5 {[%emt 0:10:30]} Nc5 {[%emt 0:10:30]} 12. fxe6 {[%emt 0:34:30]} fxe6 {[%emt 0:00:00]} 13. Qe2 {[%emt 0:24:25]} h5 {[%emt 0:07:00]} 14. Qf3 {[%emt 0:00:31]} b4 {[%emt 0:02:30]} 15. Qxf6 {[%emt 0:05:28]} Rh6 {[%emt 0:00:30]} 16. Ncb5 {[%emt 0:05:20]} axb5 {[%emt 0:04:30]} 17. Nxb5 {[%emt 0:00:18]} Qd8 {[%emt 0:35:30]} 18. Nxd6+ {[%emt 0:01:52]} Qxd6 {[%emt 0:01:30]} 19. Rxd6 {[%emt 0:01:50]} Rxf6 {[%emt 0:00:30]} 20. Rb6 {[%emt 0:00:36]} Nxe4 {[%emt 0:02:30]} 21. Be2 {[%emt 0:00:27]} Bh6+ {[%emt 0:03:30]} 22. Kb1 {[%emt 0:00:26]} Nd2+ {[%emt 0:00:30]} 23. Ka1 {[%emt 0:00:32]} Rf5 {[%emt 0:00:30]} 24. Rxb4 {[%emt 0:00:38]} Rxa2+ {[%emt 0:00:00]} 0-1

[Event "Turkish Cup 2022"]
[Site "Sakarya"]
[Date "2022.03.26"]
[Round "2.1"]
[White "Yurtseven, Melih"]
[Black "Gok, Emre"]
[Result "1-0"]
[WhiteElo "2388"]
[BlackElo "1745"]
[Annotator "TA"]
[PlyCount "125"]
[EventDate "2022.03.25"]
[EventType "swiss"]
[EventCountry "TUR"]
[SourceTitle "playchess.com"]
[Source "ChessBase"]
[SourceQuality "1"]

{[%evp 9,125,5,5,4,5,0,0,0,20,22,14,16,48,21,58,27,60,62,92,36,35,33,28,27,31,-2,-6,-5,0,-7,37,36,53,54,80,72,97,90,127,79,123,118,175,182,235,165,418,422,397,258,259,268,268,268,316,268,294,250,263,263,263,260,269,266,266,263,245,242,296,297,277,264,311,308,307,297,297,231,363,337,376,376,367,322,316,217,239,82,82,82,82,82,308,82,1040,1019,1019,978,969,964,929,835,1520,1470,1456,1284,1454,946,1290,1256,2037,2384,5822,5168,6540,5964,2401,1877]} 1. Nf3 d5 2. c4 c6 3. d4 Nf6 4. Qc2 g6 5. Nc3 Bf5 6. Qb3 {D11: Slav Defence: 3 Nf3 sidelines and 3...Nf6 4 e3 Bg4.} Qb6 7. c5 Qxb3 8. axb3 {The position is equal.} Na6 9. Bf4 Nh5 10. Bd2 {[%cal Oe2e4]} Nb4 {[#] White must now prevent ...Nc2+.} 11. Ra4 {[#]} a5 $146 {[%cal Ba7a5,Ba5a4][%mdl 32]} ({Predecessor:} 11... Na6 12. h3 Bc2 13. g4 Nf6 14. Ra3 Nc7 15. Bf4 Ne6 16. Be5 Bg7 17. b4 Ne4 18. Bxg7 Nxg7 {1-0 (41) Kutynec,V (2280)-Skola,M (2240) Ostrava 1996}) 12. Na2 Nxa2 13. Rxa2 Bc2 14. b4 (14. Rxa5 $16 Rxa5 15. Bxa5) 14... a4 $1 $14 15. e3 Bg7 16. b5 O-O 17. b6 Nf6 18. Be2 Ne4 19. Bb4 Rfe8 (19... f5 $11 {is more appropriate.}) 20. Ra3 h6 21. O-O Bb3 22. Rfa1 g5 23. Ne5 Nf6 {Inhibits Bh5.} 24. Bd3 (24. Bd1 $142 Bxd1 25. Rxd1) 24... Nh5 {[#]} (24... Rab8 $142) 25. Nf3 $1 $16 {[%cal Be5f3,Bf3d2,Bd2b3,Bb3d4][%mdl 32] White is much more active. Black has bad knights.} e5 (25... Rab8 $16) 26. dxe5 $18 {Hoping for g4.} (26. Nxe5 $6 Bxe5 27. dxe5 Rad8 $14) 26... g4 (26... Bh8 $142 27. Be2 Rad8) 27. Nd2 Bxe5 $2 (27... Rad8 28. Nxb3 axb3) 28. Nxb3 Bxb2 29. Nd4 Bxa1 30. Rxa1 Ng7 31. Ra3 h5 32. Kf1 Ne6 33. Nxe6 Rxe6 34. Bc3 Rh6 35. Bf5 f6 36. Ke2 (36. Bc2 $6 Kf7 37. Rxa4 Rxa4 38. Bxa4 Rh8 $18) 36... Kf7 37. Kd3 Rhh8 38. Bd4 {A strong pair of Bishops.} Rhg8 39. Kc3 Rg5 40. Bd3 (40. Bc2 $6 h4 41. Kb4 (41. Rxa4 Rxa4 42. Bxa4 Ke6 $18) (41. Bxa4 Rgg8 $18) 41... Rgg8 $18) 40... f5 41. Kb4 Ke6 42. Bc2 ({But not} 42. Rxa4 $6 Rxa4+ 43. Kxa4 Rg8 $18) 42... Rgg8 43. Bxa4 ({Don't take} 43. Rxa4 $6 Rxa4+ 44. Kxa4 h4 $16) 43... Rgf8 (43... Ra6 $142 44. Ra1 Rga8) 44. g3 Rg8 45. Ra1 Ra6 46. Ra2 Rga8 47. Bg7 Rg8 48. Bh6 (48. Bc3 $18 {is more deadly.}) 48... Rh8 49. Bg5 Rg8 50. Bf4 {Strongly threatening Rd2.} Rh8 $2 (50... Rga8 $16 {might work better.}) 51. Ra3 $2 (51. Rd2 $18) 51... Kd7 $2 {[%mdl 8192]} (51... Rha8 $16) 52. Bc2 {White is clearly winning.} Rxa3 53. Bxf5+ ({Weaker is} 53. Kxa3 Ke6 54. Kb4 Ra8 $18) 53... Ke7 54. Kxa3 Ra8+ 55. Kb2 Ra5 56. Bd6+ Kd8 57. Bg6 Rb5+ 58. Kc3 Ra5 59. Bxh5 Ra2 60. Bxg4 Rxf2 61. h4 Rh2 62. Bc7+ Ke7 63. Bc8 {Weighted Error Value: White=0.26 (precise) /Black=0.31} 1-0

[Event "Turkish Cup 2022"]
[Site "Sakarya"]
[Date "2022.03.26"]
[Round "2.2"]
[White "Aysoy, Veysi"]
[Black "Koksal, Ege"]
[Result "0-1"]
[WhiteElo "1811"]
[BlackElo "2343"]
[Annotator "TA"]
[PlyCount "106"]
[EventDate "2022.03.25"]
[EventType "swiss"]
[EventCountry "TUR"]
[SourceTitle "playchess.com"]
[Source "ChessBase"]
[SourceQuality "1"]

{[%evp 13,106,12,13,10,20,-32,-3,-64,-12,-7,-14,-52,0,-15,-3,-8,0,-18,0,0,0,0,0,0,0,-28,-27,-39,-39,-64,-59,-95,-102,-196,-129,-131,24,45,57,58,93,90,87,88,88,78,81,66,68,66,98,66,76,67,71,0,5,-16,0,-37,0,-52,-52,-248,-86,-108,-89,-112,-97,-118,-128,-135,-127,-223,-222,-502,-445,-322,-283,-477,-460,-970,-893,-2014,-2020,-2627,-2264,-2920,-2154,-5592,-5204,-4602,-1857,-1517,-1104]} 1. e4 c6 2. d4 d5 3. Nc3 g6 4. Nf3 Bg7 5. e5 Bg4 6. h3 Bxf3 7. Qxf3 e6 8. Bd3 {B15: Caro-Kann: 3 Nc3: 3...g6 and 3...dxe4 4 Nxe4 Nf6 5 Nxf6+ exf6.} Nd7 9. Bf4 (9. O-O $11) 9... a6 {[#]} 10. b4 $146 (10. Ne2 $11) ({Predecessor:} 10. Ne2 Qb6 11. b3 c5 12. c3 Ne7 13. O-O cxd4 14. cxd4 Nc6 15. Be3 O-O 16. Rad1 {1-0 (30) Mendoza,S (2171)-Hoang,T (2293) Xingtai 2019}) 10... Qb6 ({Black should try} 10... a5 $15) 11. Ne2 $11 Qxb4+ 12. Bd2 (12. c3 $5 {[%cal Rc3b4]} Qa4 13. O-O $11) 12... Qe7 (12... Qa4 $15) 13. Rb1 b5 14. a4 f6 15. exf6 Ngxf6 16. Bb4 Qf7 17. O-O Bf8 18. axb5 axb5 19. Bd2 Be7 20. Qe3 Nh5 21. Rbe1 O-O 22. Kh1 Bd6 $1 23. Ng1 (23. f4 $17 {might work better.}) 23... Bf4 (23... e5 $1 $19 {Threatens to win with ...e4.} 24. dxe5 Nxe5) 24. Qe2 $17 Rae8 $2 {Black is more active.} ({Black should play} 24... e5 $17 {aiming for ...e4.} 25. dxe5 Nxe5) 25. Bb4 $11 Bc7 {[%cal Of7f2]} 26. Bxf8 Nf4 27. Qf3 Rxf8 28. g3 Nxd3 29. Qxf7+ Kxf7 30. cxd3 Ke7 31. Kg2 Kd6 32. f4 {To avoid e5} c5 33. Nf3 c4 34. dxc4 ({Better is} 34. Rb1 $16) 34... dxc4 35. Ne5 Rb8 36. Rf3 Bb6 37. Nf7+ (37. Rb1 $1 $11) 37... Kd5 $15 38. Ng5 $2 (38. Rfe3 $15 Bxd4 39. Rxe6) 38... Bxd4 $2 (38... b4 $19 {White must now prevent ...b3.} 39. Nxe6 c3) 39. Nxe6 $17 {[#]} Nc5 $1 40. f5 Nd3 41. Nf4+ Nxf4+ 42. Rxf4 {[%mdl 4096] Endgame And now Rd1 would win. KRR-KRB} g5 43. Rg4 {[#]} (43. Rff1 $17 {was worth a try.}) 43... Bf6 $1 $19 {[%mdl 1024] Black has strong compensation.} 44. Kf3 $2 (44. Rd1+ Kc5 45. Re4) 44... b4 {[%cal Bb5b4,Bb4b3,Bb3b2][%mdl 32]} 45. Rge4 b3 46. Re6 $2 (46. Rd1+ Kc5 47. Re6) 46... Bd4 {Black is clearly winning.} 47. f6 (47. Ke2 $142 c3 48. Kd3) 47... Rf8 48. Kg4 Rxf6 49. Re7 b2 50. Rd7+ Rd6 51. Rc7 c3 {...Rc6 is the strong threat.} 52. Rf1 Ke4 (52... Rc6 $142 53. Rb7 c2 54. Rb5+ Kc4 55. Rxb2 Bxb2) 53. Rc8 Ke5 {Weighted Error Value: White=0.76/Black=0.28 (precise)} 0-1

[Event "Turkish Cup 2022"]
[Site "Sakarya"]
[Date "2022.03.26"]
[Round "2.4"]
[White "Onem, Cem"]
[Black "Isik, Alparslan"]
[Result "0-1"]
[WhiteElo "1793"]
[BlackElo "2328"]
[Annotator "TA"]
[PlyCount "74"]
[EventDate "2022.03.25"]
[EventType "swiss"]
[EventCountry "TUR"]
[SourceTitle "playchess.com"]
[Source "ChessBase"]
[SourceQuality "1"]

{[%evp 22,74,0,0,0,-19,-8,-6,7,-23,-20,-23,-22,-17,-19,-38,-26,-39,-30,-54,-10,-17,-23,-30,-18,-17,0,-18,-21,-18,-24,-34,-26,-201,-165,-149,-119,-492,-461,-471,-442,-653,-647,-635,-604,-1164,-1260,-1256,-1048,-877,-519,-2470,-3341,-1609,-741]} 1. d4 Nf6 2. c4 g6 3. Nf3 Bg7 4. g3 O-O 5. Bg2 d6 6. O-O Nbd7 7. Nc3 e5 8. dxe5 dxe5 9. e4 c6 10. Qc2 Qc7 11. b3 Re8 12. Bb2 Nf8 {E68: King's Indian: Fianchetto: 6...Nbd7 7 0-0 e5 8 e4.} 13. Rad1 Bg4 14. Ne2 a5 {The position is equal.} 15. h3 Bxf3 16. Bxf3 Ne6 17. Bg2 {[#]} Nd7 $146 ({Predecessor:} 17... Nc5 18. Ba3 Bf8 19. Bxc5 Bxc5 20. Rd3 Kg7 21. Rfd1 Qb6 22. Nc3 Bd4 {0-1 (54) Von Koslowski,U (1764)-Faerber,E (2126) Osnabrueck 2013}) 18. Qd2 Ndc5 19. Bc3 Rad8 20. Qe3 f5 (20... b6 $15) 21. exf5 $11 gxf5 22. Qf3 Rf8 23. Qh5 e4 {[%cal Be5e4,Be4e3][%mdl 32]} 24. Bxg7 Kxg7 25. f3 $1 {[%cal Bf2f3,Bf3f4][%mdl 32]} e3 {And now ...Rd2 would win.} 26. f4 $1 Rd2 $36 {[%mdl 2048] Black has good play. Active counter play!} 27. Qf3 $2 {[#]} (27. Rxd2 $11 {and White is okay.} exd2 28. Rd1) 27... Qd6 ({Inferior is} 27... Rxa2 28. Qxe3 Kg8 29. Rfe1 $11) 28. Rxd2 Qxd2 29. Rc1 $2 {[%mdl 8192]} (29. Kh2 $17 {is more resistant.}) 29... Nd4 $19 {Black is clearly winning.} 30. Nxd4 {[#] Black must now prevent Rd1.} Qxc1+ 31. Kh2 (31. Bf1 $142 Qd2 32. Ne2) 31... Qd2 {[%csl LRa2,LRd4]} 32. Ne2 Ne6 33. g4 Nd4 34. Nxd4 Qxd4 35. gxf5 Kh8 36. h4 (36. Bf1 $142 Rxf5 37. Kg3) 36... Rxf5 37. Kg3 Qxf4+ {Weighted Error Value: White=0.93/Black=0.21 (precise)} 0-1

[Event "Turkish Cup 2022"]
[Site "Sakarya"]
[Date "2022.03.26"]
[Round "2.5"]
[White "Sevgi, Volkan"]
[Black "Acar, Kaan"]
[Result "1-0"]
[WhiteElo "2344"]
[BlackElo "1741"]
[Annotator "TA"]
[PlyCount "75"]
[EventDate "2022.03.25"]
[EventType "swiss"]
[EventCountry "TUR"]
[SourceTitle "playchess.com"]
[Source "ChessBase"]
[SourceQuality "1"]

{[%evp 13,75,21,38,28,32,29,26,25,17,28,29,16,78,27,82,66,92,88,114,22,133,151,147,93,221,215,222,226,217,222,216,0,0,-68,196,196,183,152,152,148,164,89,197,163,168,158,190,198,198,201,218,210,254,252,387,375,553,478,822,810,1213,1100,797,731]} 1. Nf3 Nf6 2. g3 g6 3. b3 Bg7 4. Bb2 d6 5. d4 c6 6. Bg2 O-O 7. O-O Bf5 8. c4 {A49: 1 d4 Nf6 2 Nf3 g6 3 g3: Anti-King's Indian systems.} Re8 9. Nc3 Ne4 10. Nh4 {White has an edge.} Nxc3 11. Bxc3 {[#]} Bc8 $146 ({Predecessor:} 11... Bg4 12. h3 Bd7 13. e4 Qc8 14. Kh2 c5 15. Rc1 Nc6 16. d5 Nd4 17. Nf3 Nxf3+ 18. Qxf3 {1-0 (39) Macon,A (2310)-Alloui Cros,B (2139) Europe Echecs INT 2020}) 12. Qd2 Nd7 (12... e5 $11) 13. f4 ({White should play} 13. Ba5 $1 $16 {[%cal Ra5d8]} Nb6 14. Rad1) 13... f5 (13... a5 $11) 14. e4 $16 e6 15. Rae1 Nf6 16. d5 (16. e5 $16 Ng4 17. Qc2) 16... fxe4 (16... Nxe4 $11 17. Bxe4 Bxc3 18. Qxc3 fxe4) 17. dxe6 $1 {White is much more active. Black has bad knights.} e3 (17... Rxe6 $2 18. f5 e3 19. Qe2 (19. Rxe3 Rxe3 20. Qxe3 Ng4 $14) 19... gxf5 20. Nxf5 $18) 18. Rxe3 ({Better is} 18. Qd3 {Strongly threatening f5.} Bxe6 19. f5 (19. Rxe3 Ng4 $11)) 18... Ng4 (18... Rxe6 $16 19. h3 Rxe3 20. Qxe3 Nh5) 19. Bxg7 $18 Nxe3 20. Bb2 {White threatens Qd4 and mate. Really sharp!} (20. Qxe3 Kxg7 21. f5 Qb6 22. f6+ Kf8 23. e7+ Kf7 $11) 20... Rxe6 (20... Nxf1 21. Qc3 Qb6+ 22. Kxf1) 21. Qc3 {[%csl Gb2][%cal Rc3g7]} Qf6 {Inhibits Qg7+.} 22. Qc1 (22. Qxf6 $18 Rxf6 23. Bxf6 Nxf1 24. Bxf1) 22... Qe7 $11 23. f5 (23. Qc3 $11 Nxf1 24. Qh8+ (24. Bxf1 Kf7 $17) 24... Kf7 25. Bxf1) 23... Nxf1 $4 {[%mdl 8192]} (23... gxf5 $1 $15 {keeps the upper hand.} 24. Qc3 (24. Nxf5 $2 Nxf5 25. Qc3 Ng7 $19) 24... Re5) 24. fxe6 $18 Bxe6 {[%cal Og6g5]} 25. Bxf1 {Threatens to win with Qc3. A strong pair of Bishops.} Rf8 26. Qc3 {aiming for Qh8+.} Kf7 27. Qe3 (27. Nf3 $18) 27... b6 (27... Bg4 $16 {was called for.} 28. Qd2 (28. Qxa7 Ke8 $11) 28... Ke8) 28. Nf3 {Ng5+ is the strong threat.} Ke8 {[%cal Oe6c4] [#]} 29. Ng5 $1 $36 {[%mdl 2048] White has strong initiative.} Bd7 {[#]} 30. Qxe7+ Kxe7 31. Nxh7 Rf7 32. Ng5 Rf5 33. h4 {[%cal Bh2h4,Bh4h5,Bh5h6][%mdl 32]} c5 (33... Rf8 {was necessary.} 34. Bg7 Rg8) 34. Bd3 Rf8 (34... Kd8 $142 35. Bxf5 Bxf5) 35. Bxg6 {White is clearly winning.} Bf5 (35... Rg8 $142 36. Bh7 Rd8) 36. h5 a6 37. Bxf5 Rxf5 {[#]} 38. h6 $1 {Weighted Error Value: White=0.27 (precise) /Black=0.49} 1-0